Bệnh cao huyết áp

Saved in:
Bibliographic Details
Main Author: Semple, Peter
Format: Book
Language:Undetermined
Published: Thành phố Hồ Chí Minh Tổng hợp Thành phố Hồ Chí Minh 2005
Subjects:
Tags: Add Tag
No Tags, Be the first to tag this record!
Institutions: Trung tâm Học liệu Trường Đại học Cần Thơ
LEADER 00682nam a2200205Ia 4500
001 CTU_74298
008 210402s9999 xx 000 0 und d
020 |b 12000 
082 |a 616.132 
082 |b S473 
100 |a Semple, Peter 
245 0 |a Bệnh cao huyết áp 
245 0 |c Peter Semple ; Hoàng Minh Hùng ( dịch ); Trần Phương Hạnh ( hiệu đính ) 
260 |a Thành phố Hồ Chí Minh 
260 |b Tổng hợp Thành phố Hồ Chí Minh 
260 |c 2005 
650 |a Cardiovascular system,Hypertension 
650 |x Diseases 
904 |i Mai Loan, QHieu 
980 |a Trung tâm Học liệu Trường Đại học Cần Thơ